[Event "BL 2017-18"]
[Site "Germany"]
[Date "2018.03.10"]
[Round "11"]
[White "Anand, Viswanathan"]
[Black "Levin, Felix"]
[Result "1-0"]
[WhiteElo "2779"]
[BlackElo "2480"]
[Annotator "TA"]
[PlyCount "65"]
[EventDate "2018.05.24"]
[EventType "team-tourn"]
[EventCountry "GER"]
[SourceTitle "playchess.com"]
[Source "ChessBase"]
[SourceQuality "1"]
[WhiteTeam "Baden-Baden"]
[BlackTeam "Muelheim"]

{[%evp 19,65,18,24,18,40,16,35,33,43,29,41,35,24,0,0,0,0,0,60,67,77,47,115,128,114,107,120,122,125,105,116,67,78,72,88,60,90,82,272,270,265,263,356,339,423,423,665,658]} 1. e4 e5 2. Nf3 Nc6 3. Bc4 Bc5 4. c3 Nf6 5. d3 O-O 6. Bg5 h6 {C54: Giuoco Piano: 4 c3 Nf6, main lines with 5 d4 and 5 d3} 7. Bh4 Be7 8. Nbd2 d6 9. a4 a5 10. Bg3 Nd7 {LiveBook: 4 Games} 11. O-O Bf6 $146 ({Predecessor:} 11... Nb6 12. Bb3 Kh8 13. Re1 f5 14. exf5 Bxf5 {½-½ (54) Ragger,M (2700)-Dragnev,V (2438) Germany 2017}) 12. Re1 Nc5 13. Nb3 Nxb3 14. Qxb3 h5 {[#] And now ...h4 would win.} 15. h3 g5 16. Nd2 g4 17. hxg4 hxg4 18. Nf1 Ne7 (18... Bg5 $11) 19. Ne3 $14 Bg5 20. d4 Bxe3 ({Black should try} 20... Ng6 $14) 21. fxe3 $16 Ng6 22. Rf1 {[%cal Rc4f7]} Qe7 23. Rf2 Kg7 24. Raf1 $36 {[%mdl 2048] White is really pushing.} f6 25. Bd3 b6 26. Qd1 Bd7 27. Rf5 Rf7 28. Bc4 ({But not} 28. Qxg4 $6 exd4 29. exd4 Bxf5 $16) 28... Be6 $2 (28... Rff8 $16) 29. Bxe6 $18 Qxe6 30. Qxg4 Rh8 31. dxe5 dxe5 {[#]} 32. Bxe5 $1 {[%mdl 512] Hoping for Rxf6.} Rh4 (32... Re8 $142 33. R1f3 Qxe5) (32... fxe5 33. Rxf7+) 33. Qg3 {Precision: White = 71%, Black = 64%.} 1-0

[Event "BL 2017-18"]
[Site "Germany"]
[Date "2018.03.10"]
[Round "11"]
[White "Navara, David"]
[Black "Vachier-Lagrave, Maxime"]
[Result "0-1"]
[WhiteElo "2745"]
[BlackElo "2793"]
[Annotator "TA"]
[PlyCount "76"]
[EventDate "2018.05.24"]
[EventType "team-tourn"]
[EventCountry "GER"]
[SourceTitle "playchess.com"]
[Source "ChessBase"]
[SourceQuality "1"]
[WhiteTeam "Muelheim"]
[BlackTeam "Baden-Baden"]

{[%evp 14,76,31,18,26,30,32,42,47,29,30,27,26,14,50,22,51,22,21,16,55,27,99,64,113,0,65,-165,-143,-268,-147,-370,-357,-758,-757,-924,-788,-885,-845,-769,-800,-784,-784,-784,-781,-872,-872,-858,-857,-955,-673,-1070,-1054,-1112,-689,-689,-689,-619,-599,-745,-743,-921,-946,-1447,-1342]} 1. d4 Nf6 2. c4 g6 3. Nc3 d5 4. Nf3 Bg7 5. Qb3 dxc4 6. Qxc4 O-O 7. e4 Nc6 8. Be2 e5 {[%cal Re5d4] D97: Grünfeld: Russian System: 7 e4, replies other than 7...Bg4} 9. d5 Nd4 10. Nxd4 exd4 {White is slightly better.} 11. Qxd4 c6 12. Qc4 b5 13. Qxc6 Bd7 14. Qd6 Re8 15. Bd3 {And now 0-0 would win.} (15. Bg5 b4 16. Qxb4 Nxd5 17. Nxd5 Qxg5 {½-½ (59) Aronian,L (2799)-Vachier Lagrave,M (2804) Tbilisi 2017}) 15... a5 {aiming for ...b4.} 16. f3 {Strongly threatening 0-0.} b4 $146 17. Ne2 {Hoping for Bg5.} Bf8 (17... Nh5 $11 18. h4 Be5) 18. Qg3 Qb6 {[#]} 19. Bg5 (19. Qg5 $1 $16) 19... Rac8 (19... Nxd5 $11 20. exd5 b3) 20. Qf2 $2 (20. Bxf6 $1 $14 {keeps the upper hand.} Qxf6 21. Rb1) 20... Bc5 $19 21. Qh4 {[#]} (21. Qg3 $17 Nh5 22. Qh4) 21... Nxd5 $1 22. Bc4 $2 {[#]} (22. exd5 $17 Bb5 23. Rd1) 22... h6 $1 {[%cal Rh6g5][%mdl 512]} 23. Bxd5 $2 (23. Bxh6 Be7 24. Qf2 Rxc4 25. Qxb6 Nxb6 26. Be3) 23... hxg5 {Black is clearly winning.} 24. Qxg5 Bf2+ 25. Kf1 Bb5 {Threatens to win with ...Rc2.} 26. Qd2 Be3 27. Qd1 Qf6 28. Ke1 a4 {[%cal Ba5a4,Ba4a3][%mdl 32]} 29. Rb1 Rc7 30. b3 a3 31. f4 Rec8 32. e5 Qf5 33. Bc4 Rd7 34. Bxb5 Rxd1+ 35. Rxd1 Qc2 36. e6 fxe6 37. Bd7 {[#]} Rc3 $1 {[%mdl 512]} 38. Bxe6+ (38. Nxc3 Qf2#) 38... Kf8 {Precision: White = 33%, Black = 70%.} 0-1

[Event "BL 2017-18"]
[Site "Germany"]
[Date "2018.03.10"]
[Round "11"]
[White "Wojtaszek, Radoslaw"]
[Black "Zelbel, Patrick"]
[Result "1-0"]
[WhiteElo "2735"]
[BlackElo "2441"]
[Annotator "TA"]
[PlyCount "49"]
[EventDate "2018.05.24"]
[EventType "team-tourn"]
[EventCountry "GER"]
[SourceTitle "playchess.com"]
[Source "ChessBase"]
[SourceQuality "1"]
[WhiteTeam "Baden-Baden"]
[BlackTeam "Muelheim"]

{[%evp 16,49,11,4,74,-31,-23,-23,-20,-28,-14,-37,-14,-29,0,0,0,0,0,0,0,-29,-37,-52,33,59,490,472,636,629,632,621,571,514,6229,5116]} 1. d4 Nf6 2. c4 e6 3. Nf3 d5 4. Nc3 Bb4 5. cxd5 exd5 6. Bf4 {D38: Queen's Gambit Declined: Ragozin Defence (4 Nf3 Bb4)} Ne4 7. Rc1 (7. Qa4+ Nc6 8. Rc1 O-O 9. g3 g5 10. Be3 f5 11. Bg2 f4 12. gxf4 Bxc3+ 13. bxc3 gxf4 {0-1 (21) Svidler,P (2768)-Mamedyarov,S (2804) Wijk aan Zee 2018}) 7... Nc6 8. Nd2 g5 9. Be3 {LiveBook: 7 Games} f5 $146 {[#]} (9... Nxc3 $1 $11 {keeps the balance.} 10. bxc3 Be7) ({Predecessor:} 9... Nxc3 10. bxc3 Bd6 11. h4 gxh4 12. Nf3 Be7 13. Bf4 Bf5 {0-1 (95) Svane,R (2542)-Socko,B (2617) Germany 2016}) 10. g3 (10. Ndxe4 $1 $16 fxe4 11. a3 Bxc3+ 12. Rxc3) 10... Nxc3 $1 $15 11. bxc3 Bd6 12. Nf3 f4 13. gxf4 gxf4 14. Bd2 Qf6 15. Qb3 Bd7 16. Rg1 h6 17. c4 dxc4 $1 (17... Nxd4 18. Nxd4 Bc5 19. Qxb7 $18) 18. Qxc4 {[#] Strongly threatening Bc3.} O-O-O 19. Bc3 {Black must now prevent d5.} Rhe8 (19... Kb8 $1 $15) 20. d5 $36 {[%mdl 2048] White fights for an advantage.} Qf7 $2 {[%mdl 8192]} (20... Ne5 $1 $14 21. Nxe5 Rxe5) 21. Rg7 $18 {White is clearly winning.} Qh5 22. Rxd7 Kxd7 23. dxc6+ bxc6 {intending ...Qxf3.} 24. Nd4 ({Not} 24. Bf6 Qxf3 25. Rc3 Qh1 $16) 24... Qxh2 (24... c5 $142 25. Qb5+ Ke7 26. Nc6+ Kf8 27. Nxd8 Rxd8) 25. Qxc6+ {Precision: White = 63%, Black = 32%.} 1-0

[Event "BL 2017-18"]
[Site "Germany"]
[Date "2018.03.10"]
[Round "11"]
[White "Vallejo Pons, Francisco"]
[Black "Dinstuhl, Volkmar"]
[Result "1-0"]
[WhiteElo "2718"]
[BlackElo "2386"]
[Annotator "TA"]
[PlyCount "55"]
[EventDate "2018.05.24"]
[EventType "team-tourn"]
[EventCountry "GER"]
[SourceTitle "playchess.com"]
[Source "ChessBase"]
[SourceQuality "1"]
[WhiteTeam "Baden-Baden"]
[BlackTeam "Muelheim"]

{[%evp 15,55,52,74,78,83,73,88,79,91,83,94,65,82,63,92,113,122,135,210,198,200,200,296,297,300,298,300,310,561,509,641,618,595,591,759,736,2260,2231,29982,29983,29990,29991]} 1. e4 g6 2. d4 Bg7 3. Be3 c5 4. Nc3 Qa5 5. Nf3 Nf6 6. Qd2 cxd4 {B27: Sicilian: 2 Nf3, unusual Black 2nd moves} 7. Nxd4 Nc6 8. Nb3 Qd8 {LiveBook: 5 Games. White is slightly better.} (8... Qc7 9. Be2 d6 10. Bh6 Bxh6 11. Qxh6 Be6 12. O-O a6 13. Rad1 Ne5 14. Nd4 {½-½ (41) Kharchenko,B (2494)-Rakhmanov,A (2606) Taganrog 2014}) 9. f3 h5 10. O-O-O d6 11. Kb1 Be6 12. h3 $146 ({Predecessor:} 12. Be2 Ne5 13. Nd5 Bxd5 14. exd5 {½-½ (26) Boros,D (2296)-Kaposztas,M (2268) Budapest 2003}) 12... a6 13. Be2 Rc8 14. g4 Na5 15. Bd4 {And now g5 would win.} Kf8 16. f4 {[%cal Bf3f4,Bf4f5][%mdl 32]} Nc4 (16... Nc6 $16) 17. Qc1 $18 b5 {[#]} 18. f5 $1 {[%cal Rf5e6]} gxf5 (18... Bd7 $142 19. g5 Ne8) 19. exf5 Bd7 20. g5 Ne8 21. Rhf1 Bc6 $2 {[#]} (21... Na3+ 22. bxa3 Bxd4) 22. Bxg7+ Kxg7 23. Bxc4 bxc4 24. Nd4 Bb7 25. Rde1 Kf8 26. Ne6+ fxe6 27. fxe6+ Kg7 28. Qf4 {Precision: White = 84%, Black = 36%.} 1-0

[Event "BL 2017-18"]
[Site "Germany"]
[Date "2018.03.10"]
[Round "11"]
[White "Naiditsch, Arkadij"]
[Black "Wagner, Leopold Franziskus"]
[Result "1-0"]
[WhiteElo "2705"]
[BlackElo "2220"]
[Annotator "TA"]
[PlyCount "65"]
[EventDate "2018.05.24"]
[EventType "team-tourn"]
[EventCountry "GER"]
[SourceTitle "playchess.com"]
[Source "ChessBase"]
[SourceQuality "1"]
[WhiteTeam "Baden-Baden"]
[BlackTeam "Muelheim"]

{[%evp 16,65,4,0,45,17,28,28,26,22,16,16,21,15,15,11,48,46,47,19,41,43,110,109,141,141,137,136,135,108,124,157,151,102,102,97,101,100,100,100,108,99,112,112,177,121,186,178,264,364,651,648]} 1. e4 c6 2. d4 d5 3. exd5 cxd5 4. c4 Nf6 5. Nc3 Nc6 6. Bg5 Be6 7. Be2 Qa5 {B13: Caro-Kann: Exchange Variation and Panov-Botvinnik Attack} 8. c5 Ne4 9. Nf3 {LiveBook: 6 Games} Bf5 $146 {The position is equal.} ({Predecessor:} 9... Bg4 10. Bd2 Nxd2 11. Nxd2 Bxe2 12. Nxe2 g6 13. Qb3 O-O-O 14. f4 Bg7 15. Qc3 Qxc3 16. bxc3 {½-½ (46) Timofeev,A (2681)-Khairullin,I (2637) Belgorod 2010}) 10. Bd2 Nxd2 11. Qxd2 e6 12. Bb5 Be7 13. g4 Bg6 14. Ne5 Qc7 $1 15. h4 $36 {[%cal Bh2h4,Bh4h5][%mdl 2080] White is more active.} f6 (15... Bf6 {looks sharper.} 16. f4 Bxe5 17. fxe5 h5 18. g5 O-O) 16. Nxg6 hxg6 17. Qe3 Qd7 18. O-O-O Bd8 (18... O-O-O $14) 19. f4 $16 f5 20. h5 Bc7 21. hxg6 O-O-O 22. gxf5 exf5 23. Rxh8 Rxh8 24. Qf3 Rd8 25. Ba4 Qe6 26. Bb3 {[%cal Rc3d5]} Ne7 27. Kb1 Ba5 28. Bc2 Bxc3 29. Qxc3 Nxg6 (29... Kb8 $16) 30. Re1 (30. Qa5 $18) 30... Qf6 {[#]} (30... Qd7 $16 {might work better.} 31. Qg3 Qf7) 31. Qa5 $1 $18 {c6 is the strong threat.} Nxf4 (31... Rf8 $142 32. Qxa7 Qa6 33. Qxa6 bxa6) 32. Qxa7 {aiming for c6!} g6 $2 {[#]} (32... Ne6 33. Rd1 Rf8) 33. c6 $1 {[%mdl 512] Precision: White = 85%, Black = 33%.} 1-0

[Event "BL 2017-18"]
[Site "Germany"]
[Date "2018.03.10"]
[Round "11"]
[White "Almasi, Zoltan"]
[Black "Dragnev, Valentin"]
[Result "1-0"]
[WhiteElo "2696"]
[BlackElo "2461"]
[Annotator "TA"]
[PlyCount "87"]
[EventDate "2018.05.24"]
[EventType "team-tourn"]
[EventCountry "GER"]
[SourceTitle "playchess.com"]
[Source "ChessBase"]
[SourceQuality "1"]
[WhiteTeam "Dresden"]
[BlackTeam "Bayern Muenchen"]

{[%evp 30,87,2,-26,-8,-2,0,0,0,-11,51,34,51,54,75,73,81,98,129,129,114,114,116,120,172,110,161,168,168,158,166,106,113,110,206,208,213,203,238,231,246,235,241,245,245,234,255,250,231,228,318,218,405,414,563,580,605,603,556,576]} 1. e4 e5 2. Nf3 Nc6 3. Bb5 a6 4. Ba4 Nf6 5. O-O Be7 6. d3 b5 7. Bb3 d6 8. c3 Na5 9. Bc2 c5 10. Nbd2 {[%cal Bb1d2,Bd2f1,Bf1e3,Be3d5][%mdl 32]} O-O 11. Re1 Re8 12. Nf1 Nc6 13. Ne3 Bf8 14. h3 {C90: Closed Ruy Lopez with 7...d6: Early deviations} (14. a4 b4 15. Nd5 h6 16. a5 Nxd5 17. exd5 Nxa5 18. Ba4 Re7 19. Nd2 Rb8 20. c4 Nb7 21. Ne4 f5 22. Ng3 {1-0 (43) Carlsen,M (2837)-Ding,L (2774) Saint Louis 2017}) 14... h6 15. Nh2 d5 16. Qf3 {[%cal Re3d5] LiveBook: 5 Games. The position is equal.} Be6 17. Bb3 $146 {[%cal Re4d5]} ({Predecessor:} 17. Nf5 d4 18. g4 Nh7 19. Qg3 Be7 20. Nf3 Bxf5 21. gxf5 Ng5 22. Nh2 {1-0 (47) Kuijpers,F-Porat,Y Tel Aviv 1964}) 17... d4 18. Nd5 Nh7 19. Bd2 Qd6 (19... Rc8 $11) 20. Qg3 $14 f5 21. Qg6 Red8 22. Ne7+ Bxe7 23. Qxe6+ Kh8 24. exf5 (24. Qxf5 $6 dxc3 25. Bxc3 b4) 24... dxc3 25. Bxc3 Qxe6 26. fxe6 Rxd3 {[#]} (26... Nf8 $16 27. Rad1 Ng6) 27. Nf3 (27. Ng4 $1 $18) 27... Nf8 (27... e4 $16 28. Rxe4 Ng5) 28. Nxe5 $18 Nxe5 29. Rxe5 Re8 30. Rf5 ({Better is} 30. Re4 $18) 30... c4 $16 31. Bc2 Rd6 (31... Rdd8 $16) 32. Rf7 $18 Nxe6 33. Bb4 $40 {[%mdl 128] White wants a kill.} Nd4 {[#] And now ...Re6 would win.} 34. Bxd6 Nxc2 35. Rd1 ({Less strong is} 35. Bxe7 Kg8 $16) ({Not} 35. Rxe7 Rxe7 36. Bxe7 Nxa1 $14) 35... Bf6 36. Rd2 Ne1 37. Bb4 Kg8 38. Ra7 Nd3 39. Bc3 Bg5 40. Rc2 ({Weaker is} 40. Rxg7+ Kf8 $16) 40... b4 $2 (40... Ne1 {keeps fighting.}) 41. Bd4 b3 42. axb3 {White is clearly winning.} cxb3 43. Rxg7+ Kf8 44. Rc3 {Precision: White = 65%, Black = 26%.} 1-0

[Event "BL 2017-18"]
[Site "Germany"]
[Date "2018.03.10"]
[Round "11"]
[White "Ponomariov, Ruslan"]
[Black "Parligras, Mircea Emilian"]
[Result "1/2-1/2"]
[WhiteElo "2694"]
[BlackElo "2638"]
[Annotator "TA"]
[PlyCount "41"]
[EventDate "2018.05.24"]
[EventType "team-tourn"]
[EventCountry "GER"]
[SourceTitle "playchess.com"]
[Source "ChessBase"]
[SourceQuality "1"]
[WhiteTeam "Hockenheim"]
[BlackTeam "Aachen"]

{[%evp 20,41,4,-5,-3,-7,-2,-7,-10,0,0,0,0,0,4,10,12,11,6,6,12,12,12,0]} 1. e4 e5 2. Nf3 Nc6 3. Bc4 Bc5 4. c3 Nf6 5. d3 a6 6. Nbd2 O-O 7. Bb3 Ba7 8. Nc4 d5 9. exd5 Nxd5 10. O-O f6 11. Be3 {LiveBook: 5 Games. The position is equal. C54: Giuoco Piano: 4 c3 Nf6, main lines with 5 d4 and 5 d3} Nxe3 12. Nxe3+ $146 ({Predecessor:} 12. fxe3 Kh8 13. d4 e4 14. Nh4 Ne7 15. g3 g5 16. Ng2 b5 17. Nd2 f5 18. Qh5 Ng6 {0-1 (34) Hajnal,Z (2403)-Vajda,L (2513) Eger 2002}) 12... Kh8 13. Re1 Qd6 14. Nh4 Be6 15. Qh5 {[#] Threatens to win with Ng6+.} Ne7 16. d4 exd4 17. Nc4 $1 {[%cal Rc4d6]} Bxc4 $1 18. Bxc4 Qc5 $1 {[%cal Rc5h5]} 19. Qxc5 Bxc5 20. cxd4 Bb4 21. Re6 1/2-1/2

[Event "BL 2017-18"]
[Site "Germany"]
[Date "2018.03.10"]
[Round "11"]
[White "Saric, Ivan"]
[Black "Braun, Christian"]
[Result "1-0"]
[WhiteElo "2664"]
[BlackElo "2378"]
[Annotator "TA"]
[PlyCount "55"]
[EventDate "2018.05.24"]
[EventType "team-tourn"]
[EventCountry "GER"]
[SourceTitle "playchess.com"]
[Source "ChessBase"]
[SourceQuality "1"]
[WhiteTeam "Hockenheim"]
[BlackTeam "Aachen"]

{[%evp 15,55,37,46,44,41,31,32,38,36,32,123,111,102,128,120,124,141,120,131,72,140,108,213,119,147,133,141,153,145,153,142,150,143,132,242,230,297,287,283,272,697,690]} 1. e4 e6 2. d4 d5 3. Nc3 Nf6 4. Bg5 Be7 5. e5 Nfd7 6. h4 Nc6 {C14: French: Classical System: 4 Bg5 Be7 main line} 7. Nf3 (7. Qd2 f6 8. exf6 Nxf6 9. Nf3 O-O 10. O-O-O a6 11. Bd3 b5 12. Rde1 b4 13. Ne2 Ne4 14. Bxe4 dxe4 15. Bxe7 Nxe7 {1-0 (42) Pridorozhni,A (2565)-Morozevich,A (2665) Sochi 2017}) 7... f6 8. exf6 Nxf6 {LiveBook: 7 Games. White is slightly better.} 9. Bd3 O-O 10. Qe2 $146 ({Predecessor:} 10. a3 h6 11. Ne5 Nxd4 12. Ng6 Re8 13. Nxe7+ Qxe7 14. Bg6 {½-½ (27) Carlstedt,J (2438)-Grabarczyk,B (2395) Germany 2016}) 10... Nb4 11. O-O-O c5 12. dxc5 Qa5 (12... Bxc5 $14 13. Kb1 Qc7) 13. a3 $16 Nxd3+ 14. Rxd3 Qxc5 15. Nd4 Qb6 16. Re1 h6 17. Be3 (17. Bxh6 $142 gxh6 18. Qd2) 17... Qd6 (17... Qa6 $142) 18. Bd2 Re8 {[#]} (18... Ne8 $16 {was necessary.}) 19. f4 ({Weaker is} 19. Nxe6 Bd8 $14) (19. g4 $1 $18) 19... h5 20. Nxe6 Bxe6 21. Qxe6+ Qxe6 22. Rxe6 Rad8 23. f5 Kf7 24. Bg5 g6 (24... Bd6 $16 25. Bxf6 (25. Nxd5 Rxe6 26. fxe6+ Kxe6 $16) 25... gxf6) 25. Re5 {Strongly threatening Rf3.} gxf5 26. Rxf5 Ke6 27. Rf1 Ne4 $2 {[#]} (27... Ng4 28. Re1+ Ne5) 28. Bxe7 {Precision: White = 81%, Black = 41%.} 1-0

[Event "BL 2017-18"]
[Site "Germany"]
[Date "2018.03.10"]
[Round "11"]
[White "Moiseenko, Alexander"]
[Black "Swinkels, Robin"]
[Result "1-0"]
[WhiteElo "2660"]
[BlackElo "2485"]
[Annotator "TA"]
[PlyCount "83"]
[EventDate "2018.05.24"]
[EventType "team-tourn"]
[EventCountry "GER"]
[SourceTitle "playchess.com"]
[Source "ChessBase"]
[SourceQuality "1"]
[WhiteTeam "Hockenheim"]
[BlackTeam "Aachen"]

{[%evp 22,83,16,12,20,6,6,0,102,100,124,119,125,93,129,127,123,112,124,117,131,131,125,126,215,208,194,188,252,245,219,202,220,212,284,275,258,272,891,864,654,890,878,834,806,764,740,704,879,807,1506,1152,6095,5801,5193,3289,2357,2287,29968,10025,29969,29969,29979,29980]} 1. d4 d5 2. c4 c6 3. Nf3 Nf6 4. Nc3 dxc4 5. a4 Bf5 6. Nh4 Bc8 7. e3 e5 8. Bxc4 exd4 9. exd4 Be7 10. O-O O-O 11. Re1 Na6 12. Nf3 Nb4 {D17: Slav Defence: 5 a4 Bf5: Lines with 6 Nh4 and 6 Ne5} 13. Bg5 Bg4 {[#]} 14. Qe2 $146 ({Predecessor:} 14. Qb3 Bxf3 15. gxf3 a5 16. Rad1 Qc7 17. Re5 Rad8 18. Rde1 Rd7 19. Bh4 Bd8 20. Bg3 Rxd4 {½-½ (47) Eljanov,P (2693)-Ivanchuk,V (2746) Nalchik 2009}) 14... Bxf3 (14... Re8 $11) 15. Qxe7 $16 ({Weaker is} 15. Qxf3 Nc2 $17) 15... Qxe7 16. Rxe7 Bd5 17. Rxb7 {aiming for Bxf6.} Rfb8 18. Rxb8+ Rxb8 19. Nxd5 Nbxd5 20. b3 Ne4 21. Bc1 h6 22. f3 Nd6 {[#]} (22... Ng5 $16 {was necessary.} 23. Bxg5 hxg5) 23. Bxd5 $1 $18 cxd5 {[%mdl 4096] Endgame KRB-KRN} 24. Bf4 Rb6 (24... Rd8 $142 25. Bxd6 Rxd6) 25. a5 Rc6 26. Bxd6 $1 Rxd6 {KR-KR} 27. b4 {[%cal Bb3b4,Bb4b5][%mdl 32]} Rc6 28. b5 Rc2 29. Rb1 ({Much less strong is} 29. b6 $6 axb6 30. a6 (30. axb6 Rb2 $16) 30... Rc8 $16) 29... Kf8 $2 (29... Rc7 30. b6 axb6) 30. b6 axb6 31. axb6 {[%cal Ba5b6,Bb6b7][%mdl 32] And now b7 would win.} Rc8 32. b7 Rb8 33. Kf2 Ke7 34. Kg3 Kd6 35. Kf4 Kc6 36. Ke5 Re8+ {[#]} 37. Kf5 $1 Rb8 38. g4 {[%cal Bg2g4,Bg4g5][%mdl 32]} Kd6 39. h4 {[%cal Bh2h4,Bh4h5][%mdl 32]} Kc6 40. h5 Kd6 41. f4 Kc6 42. g5 {Precision: White = 95%, Black = 31%.} 1-0

[Event "BL 2017-18"]
[Site "Germany"]
[Date "2018.03.10"]
[Round "11"]
[White "Piorun, Kacper"]
[Black "Mons, Leon"]
[Result "0-1"]
[WhiteElo "2659"]
[BlackElo "2542"]
[Annotator "TA"]
[PlyCount "88"]
[EventDate "2018.05.24"]
[EventType "team-tourn"]
[EventCountry "GER"]
[SourceTitle "playchess.com"]
[Source "ChessBase"]
[SourceQuality "1"]
[WhiteTeam "SFR Berlin"]
[BlackTeam "Zugzwang Muenchen"]

{[%evp 11,88,-3,6,-5,-6,-20,-16,-13,-22,-19,-16,-30,-41,-77,-53,-69,-43,-39,-39,-46,-49,-73,-24,-36,-17,-71,-33,-51,-16,-91,-114,-122,-125,-120,-118,-180,-178,-199,-193,-210,-209,-239,-221,-352,-343,-445,-420,-409,-352,-410,-425,-416,-303,-522,-405,-402,-400,-387,-388,-464,-472,-484,-470,-732,-697,-715,-688,-661,-632,-578,-514,-514,-514,-841,-828,-788,-535,-831,-781]} 1. Nf3 d5 2. g3 Nf6 3. Bg2 Nbd7 4. O-O e5 5. d3 c6 6. Nc3 Bb4 {LiveBook: 4 Games. A07: Réti Opening: New York and Capablanca Systems} (6... Be7 7. e4 dxe4 8. dxe4 O-O 9. Nh4 g6 10. Qe2 Re8 11. b3 Bf8 12. Na4 Qc7 13. Be3 b5 14. Nb2 {1-0 (66) Nevednichy,V (2573)-Ankit,R (2439) Kavala 2013}) 7. Bd2 O-O 8. Qe1 $146 ({Find the theoretical novelty and annotate with similar games:} 8. a3 Ba5 9. b4 Bc7 10. e4 dxe4 11. Nxe4 Nxe4 12. dxe4 Nb6 13. Qe2 Be6 14. Rfd1 {1-0 (29) Telljohann,S (2419)-Dauth,B (2337) Baden-Baden 2007}) 8... e4 {The position is equal.} 9. dxe4 Bxc3 $1 10. Bxc3 Nxe4 11. Bb4 Re8 12. Qc1 a5 13. Be1 b6 14. c4 Ba6 15. b3 Qf6 {...dxc4 is the strong threat.} 16. Rb1 a4 17. Qd1 Rad8 {Strongly threatening ...axb3.} 18. Qc2 (18. cxd5 $11 {remains equal.} axb3 19. axb3) 18... axb3 (18... a3 {NOTEXT} 19. Bh1 h6 20. Nh4 Qe6 21. Ng2 dxc4 22. Ne3 cxb3 23. Rxb3 Bb5) 19. axb3 Nf8 20. Rd1 (20. Nh4 $11) 20... dxc4 $17 21. Rxd8 cxb3 ({Much weaker is} 21... Qxd8 $6 22. bxc4 Qd6 23. Qa4 $11) 22. Qxb3 Qxd8 23. Qb2 (23. Qa2 $17 {is a better defense.} Bb7 24. Qb2) 23... Qf6 $36 {[%mdl 2048] Black has strong initiative.} 24. Qc2 c5 25. Nh4 Qe6 26. Qb2 b5 {[%cal Bb6b5,Bb5b4][%mdl 32]} 27. Ba5 (27. Qa1 $142 Nf6 28. Bd2) 27... b4 28. Ra1 Nc3 29. e3 Bd3 30. Kh1 Qf6 31. Rc1 Be4 32. f3 $2 {[#]} (32. Rxc3 {might work better.} Qxc3 33. Qxc3 bxc3 34. Bxc3) 32... Ba8 {Threatens to win with ...g5.} 33. e4 Nxe4 34. Qxf6 Nxf6 35. Bf1 Ne6 {Black is clearly winning.} 36. Kg1 Bd5 37. f4 (37. Bb6 $142 b3 38. Rb1) 37... Ra8 38. Bb6 Nd7 39. f5 Nxb6 40. fxe6 c4 {[%cal Bc5c4,Bc4c3][%mdl 32]} 41. e7 Re8 42. Re1 (42. Nf5 $142 g6 43. Ne3) 42... g6 43. Ng2 Be6 44. Re5 c3 {Precision: White = 22%, Black = 66%.} 0-1